1491 1182 1796 1215 1224 1445 1866 1216 1946 1848 1423 1619 1421 1323 1116 1776 1096 1418 1011 1465 1744 1905 1750 1700 1886 1282 1801 1762 1503 1888 1733 1227 1622 1722 1278 1869 1097 1632 1895 1542 1880 1088 1724 1901 1937 1847 1451 1498 1719 1706 1406 1018 1348 1350 1984 1022 1715 1542 1962 1666 1231 1566 1586 1756 1284 1301 1037 1194 1972 1628 1435 1818 1760 1589 1803 1619 1768 1717 1250 1658 1935 1224 1279 1357 1963 1205 1634 1547 1382 1115 1391 1219 1921 1512 1409 1705 1129 1315 1348 BCNSPRNW ULIB Ver.6.0+V

เปลี่ยนเป็นภาษาไทย

Change to English
 แสดงรายละเอียดบรรณานุกรม
  กลับหน้าหลัก

Brief Record : Get Marc (ISO 2709) : E-mail record : QR code < ปิดหน้าต่าง
LEADER : 00000nam 2200000uu 4500
001    13399123172
003     ULIB
008    200557s2551||||th 000 0 tha d
020    ^a9789740689140
090    ^aนว.^bช617ห
100 0  ชุติวรรณ
245 00 ^aหัวใจใสๆเก็บไว้ให้เธอ/^cชุติวรรณ
250    ^aพิมพ์ครั้งที่ 1
260    ^aกรุงเทพฯ :^bนกฮูก,^c2551
300    ^a153หน้า
710 1  ^aนกฮูก
945    ^p139^l0^i20320
995    ^aทศพร
999    ^aทศพร เกษรทอง
รายการนี้ยังไม่มีแท็ก
คุณยังไม่ได้ล็อกอิน คุณสามารถมีกิจกรรมร่วมกับเว็บไซต์ได้ แต่ต้องล็อกอินก่อน ::
  ล็อกอิน

รายการสื่อสารสนเทศ

ลำดับที่ ประเภท เลขเรียก/บาร์โค้ด สถานที่ สถานะ
1. นวนิยาย
นวนิยาย
นว. ช617ห ฉ.1 
  Barcode: 20320
ห้องสมุดวิทยาเขตนครสวรรค์
►นวนิยาย:l:Fiction
บนชั้น

BibComment


ยังไม่เคยถูกคอมเมนท์

คอมเมนท์ทรัพยากรรายการนี้
  คอมเมนท์: หัวใจใสๆเก็บไว้ใ..


 Copyright 2026. Bcnsprnw @Library